The Flash Characters - Statistics

General Stats
  • This quiz has been taken 2,541 times
    2,419 since last reset
  • The average score is 15 of 27
Answer Stats
Hint Answer % Correct
Who is The Flash? Barry Allen
100%
His Foster Father /Detective Joe West
89%
Daughter of Above Iris West
88%
His Mother Nora Allen
88%
Head of Star Labs Harrison Wells
84%
Scientist at Star Labs, Also known as Vibe Cisco Ramon
83%
His Father Henry Allen
75%
Scientist at Star Labs, Married to Below Caitlin Snow
73%
Villian With a Cold Gun Leonard Snart / Captain Cold
70%
The Main Antagonist of Season 1 Reverse Flash / Eobard Thawne
68%
Detective who is Killed at the End of Season 1 Eddie Thawne
59%
One Half of Firestorm Ronnie Raymond
59%
Villain With Heat Gun Mick Rory / Heat Wave
57%
The Other Half of Firestorm Martin Stein
56%
Gorilla Gorilla Grodd
53%
Main Antagonist of Season 2 Zoom
48%
Son of Detective, Likes to Drag Race Wally West
46%
Villain Who Can Control The Weather Mark Mardon / Weather Wizard
45%
Main Villain of Season 3 Savitar
45%
The Flash From Earth-2 Jay Garrick
44%
Villain With a Gold Gun Lisa Snart / Golden Glider
42%
Captain of the Police Department Captain Singh
28%
Became Half of Firestorm in Season 2 Jefferson Jackson
28%
Reporter at Central City Picture News and Barry's ex Girlfriend Linda Park
28%
Love Intrest of Flash in Season 2 Patty Spivot
28%
US Military General Wade Eiling
26%
Team Flash Member Controlled by Savitar Julian
21%
No matching quizzes found
Score Distribution
Percent of People with Each Score
Percentile by Number Answered
Your Score History
You have not taken this quiz since the last reset